000 00470nam a2200169Ia 4500
003 GCL
008 140319s9999 xx 000 0 eng d
040 _aGCL /
_cGCL
082 0 4 _a863
_bB G
100 1 _aBALLESTER, GONZALO
245 1 0 _aLOS FOZOS Y LAS SOMBRAS II DONDE DA LA VUELTA EL AIRE /
_cBALLESTER, GONZALO
260 _a[S.N] :
_bEL LIBRO DE BOLSILLO ،
_c1983
300 _a491 P
650 0 4 _aLITERATURE
650 0 4 _aSPANISH LITERATURE
942 _2ddc
_cBK
999 _c23631
_d23631